Alles mit N (mit Hinweisen) - Statistiken

Allgemein
  • Dieses Quiz wurde 213 mal gespielt
  • Das Durchschnittsergebnis liegt bei 63 aus 100
Antwortstatistiken
Kategorie Hinweis Antwort % Korrekt
Länder Afrika Niger
96%
Länder Afrika Nigeria
96%
Geografisches Allerlei Fluss in Ägypten Nil
93%
Weitere Städte Großstadt in Bayern Nürnberg
93%
Länder Afrika Namibia
92%
Länder Europa Niederlande
91%
Geografisches Allerlei Bundesland in Deutschland Niedersachsen / NRW
91%
Länder Europa Nordmazedonien
91%
Geografisches Allerlei Weihnachtsmann lebt am… Nordpol
91%
Länder Europa Norwegen
91%
Länder Nordamerika Nicaragua
90%
Hauptstädte Indien Neu-Delhi
89%
Geografisches Allerlei Kontinent Nordamerika
89%
Sonstiges 8. Planet im Sonnensystem Neptun
88%
Sonstiges Hautcreme (blaue Dose) Nivea
88%
Weitere Städte Jesus von… Nazareth
87%
Berühmte Personen Sängerin, 99 Luftballons N{ena}
87%
Länder Ozeanien Neuseeland
87%
Sonstiges Wird am 06.12. gefeiert Nikolaustag
87%
Essen & Trinken Bestandteile des Aufstrichs Nüsse / Nougat
87%
Essen & Trinken Brotaufstrich von Ferrero Nutella
87%
Weitere Städte Großstadt in Italien Neapel
86%
Geografisches Allerlei Wasserfälle in Nordamerika Niagarafälle
86%
Sonstiges US-Raumfahrtbehörde NASA
85%
Sonstiges Gas in Leuchtröhren Neon
85%
Sonstiges Handy-Marke Nokia
85%
Sonstiges Kathedrale in Paris Notre-Dame
85%
Weitere Städte Großstadt in Frankreich Nantes / Nizza
84%
Berühmte Personen 1. schw. Präsi. Südafrikas N{elson} M{andela}
84%
Sonstiges Sportartikelhersteller Nike
84%
Länder Ozeanien Nauru
83%
Länder Asien Nordkorea
83%
Pflanzen & Tiere Weichtier ohne Haus Nacktschnecke
82%
Essen & Trinken Frittierte Hähnchenstücke Chicken {Nuggets}
81%
Berühmte Personen 1. Mensch auf dem Mond N{eil} A{rmstrong}
81%
Sonstiges Japanische Spielekonsole Nintendo
81%
Sonstiges Chem. Element in Kochsalz Natrium
80%
Länder Asien Nepal
80%
Geografisches Allerlei Randmeer in Nordeuropa Nordsee
80%
Pflanzen & Tiere Schlangenart Natter
79%
Essen & Trinken Obst, glatte Pfirsich Nektarine
79%
Sonstiges Streamingdienst Netflix
79%
Sonstiges Lebensmittel-Discounter Netto / Norma
79%
Hauptstädte Zypern Nikosia
79%
Sonstiges Beurkundet ein Testament Notar
79%
Weitere Städte Dt. Stadt mit Rennstrecke Nürburg
79%
Hauptstädte Kenia Nairobi
78%
Weitere Städte Stadt in Japan (Atombombe) Nagasaki
77%
Berühmte Personen Ehem. franz. Kaiser N{apoleon} B{onaparte}
77%
Pflanzen & Tiere Säugetier, Hippopotamus Nilpferd
77%
Sonstiges Ausgestorbener Vorfahre Neandertaler
72%
Sonstiges Japanische Automarke Nissan
71%
Pflanzen & Tiere Zierpflanze oder Gewürz Nelke
70%
Essen & Trinken Überbackene Tortilla-Chips Nachos
69%
Weitere Städte Millionenstadt in USA New York City
68%
Hauptstädte Bahamas Nassau
66%
Geografisches Allerlei Fluss in BaWü Neckar
66%
Geografisches Allerlei Ostfriesische Insel Norderney
58%
Sonstiges Ballett von Tschaikowsky Der {Nussknacker}
57%
Essen & Trinken Indisches Fladenbrot Naan-Brot
55%
Pflanzen & Tiere Gründelwal, Zahnwal Narwal
55%
Essen & Trinken Löslicher Kaffee von Nestlé Nescafé
54%
Pflanzen & Tiere Osterglocke Narzisse
53%
Weitere Städte Großstadt in NRW Neuss
53%
Pflanzen & Tiere Nagetier ohne Fell Nacktmull
52%
Weitere Städte Großstadt in Nordengland Newcastle
52%
Pflanzen & Tiere Weihnachtsbaum Nordmanntanne
52%
Essen & Trinken Lasagne ist ein… Nudelauflauf
52%
Essen & Trinken Dreieckiges süßes Gebäck Nussecke
51%
Berühmte Personen Ehem. dt. Formel 1-Fahrer N{ico} R{osberg}
50%
Geografisches Allerlei Bundesland in Österreich Niederösterreich
49%
Weitere Städte Großstadt in England Nottingham
49%
Pflanzen & Tiere Säugetier, markante Nase Nashorn
47%
Essen & Trinken Kakao von Nestlé Nesquik
46%
Essen & Trinken Nestlé-Marke für Eistee Nestea
46%
Berühmte Personen Revolution d. Elektrotechnik N{ikola} T{esla}
42%
Essen & Trinken Indonesisches Reisgericht Nasi Goreng
38%
Berühmte Personen Ex-Präsident Frankreichs N{icolas} S{arkozy}
38%
Berühmte Personen Barney Stinson N{eil} P{atrick} H{arris}
37%
Pflanzen & Tiere Nagetier, Biberratte Nutria
37%
Berühmte Personen Serbischer Tennisspieler N{ovak} D{jokovic}
36%
Weitere Städte Millionenstadt in Russland Nowosibirsk
36%
Pflanzen & Tiere Säugetier, Marder Nerz
33%
Essen & Trinken Bonbonmarke von Storck Nimm2
33%
Pflanzen & Tiere Singvogel Nachtigall
31%
Hauptstädte Niger Niamey
31%
Pflanzen & Tiere Flugunfähiger Vogel Nandu
30%
Hauptstädte Tschad N'Djamena
29%
Hauptstädte Mauretanien Nouakchott
29%
Berühmte Personen Französischer Astrologe N{ostradamus}
27%
Hauptstädte Myanmar Naypyidaw
25%
Weitere Städte Millionenstadt in Japan Nagoya
21%
Weitere Städte Millionenstadt in China Nanjing
21%
Essen & Trinken Waffelschnitten Neapolitaner
18%
Hauptstädte Tonga Nuku'alofa
18%
Geografisches Allerlei Achttausender im Himalaya Nanga Parbat
17%
Pflanzen & Tiere Rabenvogel Nebelkrähe
16%
Hauptstädte Palau Ngerulmud
16%
Pflanzen & Tiere Kleiner, schlanker Papagei Nymphensittich
14%
Pflanzen & Tiere Wasservogel aus Afrika Nilgans
13%
Keine übereinstimmenden Quizze gefunden
Verteilung der Resultate
Anzahl Personen mit jedem Resultat
Perzentil nach korrekt beantworteten Fragen
Ihre Resultats-Entwicklung
Sie haben dieses Quiz noch nicht gespielt